• 首页
  • 本馆介绍
  • 公告通知
  • 最新文献
  • 馆藏检索
  • 电子资源
  • 读者导购
  • 参考咨询
  • 我的图书馆
  • 登录
  • 详细信息显示
  • 放入我的书架
  • 预约/预借图书
  • 作者相关作品
  • 分类相关作品
  • 丛书相关作品
  • 出版社相关作品

书目信息

  • 表格格式
  • 工作单格式
  • 卡片格式
题名:
机器视觉系统及农林工程应用
    
 
作者: 赵茂程 , 刘英 主编
分册:  
出版信息: 北京   中国林业出版社  2018
页数: 248页
开本: 27cm
丛书名: 南京林业大学研究生课程系列教材
单 册:
中图分类: S-39
科图分类:
主题词: 计算机视觉--ji suan ji shi jue--应用--农业工程 , 计算机视觉--ji suan ji shi jue--应用--林业
电子资源:
ISBN: 978-7-5038-9627-9
000 01660nam 2200313 450
001 012001000714
005 20140106154151.0
010    @a978-7-5038-9627-9@dCNY50.00
099    @aCAL 012019025481
100    @a20181128d2018 em y0chiy50 ea
101 0  @achi
102    @aCN@b110000
105    @aak a 000yy
106    @ar
200 1  @a机器视觉系统及农林工程应用@Aji qi shi jue xi tong ji nong lin gong cheng ying yong@f赵茂程, 刘英主编
210    @a北京@c中国林业出版社@d2018
215    @a248页@c图 (部分彩图)@d27cm
225 2  @a南京林业大学研究生课程系列教材@Anan jing lin ye da xue yan jiu sheng ke cheng xi lie jiao cai
312    @a英文题名取自封面
330    @a本书在介绍机器视觉系统的组成、图像处理与机器视觉基础、目标识别算法等理论知识的基础上,围绕编写组成员在国家级、省部级项目中的最新研究成果,将基于表面漫反射光谱成像的猪肉新鲜度检测、肉内异物检测、苹果自动快速分级、农田杂草识别、茶叶智能采摘与分选、树形识别系统、林火视频识别、基于CT扫描的原木检测与识别、数字图像相关技术(DIC)在木材科学中的应用等农林应用实例结合起来阐述,使学生从整体上认识和把握机器视觉系统在现代农业、林业中的应用,掌握机器视觉、图像处理、人工神经网络、专家系统的基本理论与技能,推动高水平农林智能系统的研发。
410  0 @12001 @a南京林业大学研究生课程系列教材
510 1  @aMachine vision systems and applications in agricultural and forestry engineering@zeng
606 0  @a计算机视觉@Aji suan ji shi jue@x应用@x农业工程
606 0  @a计算机视觉@Aji suan ji shi jue@x应用@x林业
690    @aS-39@v5
701  0 @a赵茂程@Azhao mao cheng@4主编
701  0 @a刘英@Aliu ying@4主编
801  0 @aCN@b北京卓展文化@c20191020
905    @b1200867-9@dS-39@e166@f3
    
    机器视觉系统及农林工程应用/赵茂程, 刘英主编.-北京:中国林业出版社,2018
    248页:图 (部分彩图);27cm.-(南京林业大学研究生课程系列教材)
    
    
    ISBN 978-7-5038-9627-9:CNY50.00
    本书在介绍机器视觉系统的组成、图像处理与机器视觉基础、目标识别算法等理论知识的基础上,围绕编写组成员在国家级、省部级项目中的最新研究成果,将基于表面漫反射光谱成像的猪肉新鲜度检测、肉内异物检测、苹果自动快速分级、农田杂草识别、茶叶智能采摘与分选、树形识别系统、林火视频识别、基于CT扫描的原木检测与识别、数字图像相关技术(DIC)在木材科学中的应用等农林应用实例结合起来阐述,使学生从整体上认识和把握机器视觉系统在现代农业、林业中的应用,掌握机器视觉、图像处理、人工神经网络、专家系统的基本理论与技能,推动高水平农林智能系统的研发。
●
相关链接 在E读中查询图书 在五车中查询图书 在当当中查询图书 在豆瓣中查询图书


正题名:机器视觉系统及农林工程应用     索取号:S-39/166         预约/预借

序号 登录号 条形码 馆藏地/架位号 状态 备注
1 1200867   212008673   第二样本阅览室/ [索取号:S-39/166] 在馆    
2 1200868   212008682   第三借阅区/ [索取号:S-39/166] 在馆    
3 1200869   212008691   第三借阅区/ [索取号:S-39/166] 在馆    
唐山师范学院图书馆 欢迎您!
大连网信软件有限公司© 版权所有